LEADER 01850nam 2200361 n 450 001 996393022003316 005 20200824121648.0 035 $a(CKB)4940000000112397 035 $a(EEBO)2240947767 035 $a(UnM)99871952e 035 $a(UnM)99871952 035 $a(EXLCZ)994940000000112397 100 $a19850522d1644 uy | 101 0 $aeng 135 $aurbn||||a|bb| 200 12$aA new-come guest to the tovvne. That is, the descriminant oath which the Earle of Newcastle imposeth upon the countie and citie of Yorke$b[electronic resource] $eand all others under his command and power, violently abusing them to the maintaining of this unnaturall warre against the Parliament, to the ruine of the kingdome, and themselves. Written by a Yorke-shire gentleman, for the good (especially) of his countriemen. With a particular list of the names of the most violent papists (men of that qualitie) and others that bare armes, or are ayding and assisting to the Earle of New-castle 210 $aLondon $cPrinted for Matthew Walbancke, at Graies-Inne Gate$dIune the 5th. 1644 215 $a8 p 300 $aSometimes attributed to William Cavendish, Duke of Newcastle. 300 $aReproduction of the original in the British Library. 330 $aeebo-0018 607 $aYork (England)$xHistory$vEarly works to 1800 607 $aGreat Britain$xHistory$yCivil War, 1642-1649$vEarly works to 1800 700 $aYorke-shire gentleman$01015257 702 $aNewcastle$b William Cavendish$cDuke of,$f1592-1676, 801 0$bCu-RivES 801 1$bCu-RivES 801 2$bCStRLIN 801 2$bWaOLN 906 $aBOOK 912 $a996393022003316 996 $aA new-come guest to the tovvne. That is, the descriminant oath which the Earle of Newcastle imposeth upon the countie and citie of Yorke$92406816 997 $aUNISA LEADER 01549nam 2200385Ia 450 001 996394238703316 005 20200824121816.0 035 $a(CKB)4940000000115246 035 $a(EEBO)2240852649 035 $a(UnM)99898054e 035 $a(UnM)99898054 035 $a(EXLCZ)994940000000115246 100 $a19990407d1685 uy | 101 0 $aeng 135 $aurbn||||a|bb| 200 14$aThe protestant's self-defence: or, A discourse between a Papist and Protestant$b[electronic resource] $ewherein the disagreement of the Popish religion, and the agreement of the Protestant with scripture, is plainly proved to the meanest capacity. By the late Reverend divine, Charles Drillincourt 205 $aThe second edition. 210 $aLondon $cprinted for Tho. Parkhurst, at the Bible and Three Crowns near Mercers-Chappel, at the lower end of Cheapside$d1685 215 $a[8], 171, [1] p 300 $aReproduction of original in the British Library. 330 $aeebo-0018 606 $aReligious disputations$vEarly works to 1800 606 $aProtestants$zEngland$vEarly works to 1800 606 $aCatholics$zEngland$vEarly works to 1800 615 0$aReligious disputations 615 0$aProtestants 615 0$aCatholics 700 $aDrelincourt$b Charles$f1595-1669.$0933156 801 0$bCu-RivES 801 1$bCu-RivES 801 2$bWaOLN 906 $aBOOK 912 $a996394238703316 996 $aThe protestant's self-defence: or, A discourse between a Papist and Protestant$92423736 997 $aUNISA